Fr. Conceicao Rodrigues College of Engineering

Algorithms (Record no. 25743)

MARC details
000 -LEADER
fixed length control field 00328nam a2200157Ia 4500
100 ## - MAIN ENTRY--PERSONAL NAME
Personal name Berman/Kenneth A/ Paul/J.L
245 ## - TITLE STATEMENT
Title Algorithms
260 ## - PUBLICATION, DISTRIBUTION, ETC.
Name of publisher, distributor, etc. Cengage Learning
Place of publication, distribution, etc. Mumbai
Date of publication, distribution, etc. 2002
366 ## - TRADE AVAILABILITY INFORMATION
Publishers's discount category 17.5
300 ## - PHYSICAL DESCRIPTION
Extent 757
546 ## - LANGUAGE NOTE
Language note ENGLISH
650 ## - SUBJECT ADDED ENTRY--TOPICAL TERM
Topical term or geographic name entry element Algorithms
654 ## - SUBJECT ADDED ENTRY--FACETED TOPICAL TERMS
Focus term algorithm
942 ## - ADDED ENTRY ELEMENTS (KOHA)
Koha item type BOOK
Holdings
Withdrawn status Lost status Damaged status Not for loan Collection Home library Current library Date acquired Source of acquisition Cost, normal purchase price Inventory number Total Checkouts Full call number Barcode Date last seen Cost, replacement price Price effective from Koha item type
        CRC Fr. Agnel's C.Rodrigues College of Engineering Fr. Agnel's C.Rodrigues College of Engineering 17/03/2023 Educational books and periodicals 288.75 134 dt 30/12/2008   19225 17/03/2023 350.00   BOOK
        CRC Fr. Agnel's C.Rodrigues College of Engineering Fr. Agnel's C.Rodrigues College of Engineering 17/03/2023 Educational books and periodicals 288.75 134 dt 30/12/2008   19226 17/03/2023 350.00   BOOK